[Event "Calvia Amateur op 8th"]
[Site "Calvia"]
[Date "2011.10.13"]
[Round "6"]
[White "Schuermans, Robert"]
[Black "Myhrvold, Jo"]
[Result "1-0"]
[WhiteElo "2139"]
[BlackElo "1971"]
[PlyCount "109"]
[EventDate "2011.10.08"]
[EventType "swiss"]
[EventRounds "9"]
[EventCountry "ESP"]
[SourceTitle "CBM 144 Extra"]
[Source "ChessBase"]
[SourceDate "2011.10.28"]
[SourceVersion "1"]
[SourceVersionDate "2011.10.28"]
[SourceQuality "1"]

1. e4 e6 2. d4 d5 3. Nc3 Nf6 4. Bg5 dxe4 5. Nxe4 Be7 6. Bxf6 Bxf6 7. Nxf6+ Qxf6 8. Nf3 b6 9. Bb5+ c6 10. Bd3 Nd7 11. Qe2 0-0 12. Qe4 g6 13. Qxc6 Rb8 14. Qc7 Rb7 15. Qg3 b5 16. 0-0-0 b4 17. h4 h5 18. Qg5 Rc7 19. Qxf6 Nxf6 20. Ne5 Bb7 21. f3 Rd8 22. Bc4 Nd5 23. Bxd5 Bxd5 24. Kb1 a5 25. Rhe1 Kg7 26. Nd3 Rd6 27. b3 Rcd7 28. Nc5 Rd8 29. Kb2 f6 30. Rd3 Kf7 31. a3 Rc8 32. axb4 axb4 33. Ra1 Rc7 34. Ra5 Rb6 35. Rd1 g5 36. hxg5 fxg5 37. Nd3 Kf6 38. Ra4 Rcb7 39. Rh1 h4 40. Kc1 Bc6 41. Ra5 Rd7 42. Rc5 Rxd4 43. Ne5 Be8 44. Re1 Rbd6 45. Ng4+ Kg6 46. Ree5 Rd1+ 47. Kb2 R1d5 48. Rcxd5 Rxd5 49. Rxe6+ Kf7 50. Rxe8 Rd2 51. Re5 Rxg2 52. Rxg5 h3 53. Rh5 Rg3 54. Ne5+ Ke6 55. f4 1-0